00195nam a2200073Ia 4500008004100000100001600041245003600057260002800093170817s9999 xx 000 0 und d aTyagi.G.S.D 0aBhartiya Shiksha Ke Samasyayein bAgarwal Prakashan Agara